Les Pays Communistes dans l'Histoire - Statistiques

Statistiques générales
  • Ce quiz a été pris 124 fois
  • Le résultat moyen est 18 sur 27
Statistiques - réponses
Par images Hint Réponse % Correct
Depuis 1949 République Populaire de Chine
96%
Totalité du territoire depuis 1976 République Socialiste du Vietnam
89%
Depuis 1959 République de Cuba
88%
Depuis 1975 République Démocratique Populaire du Laos
88%
1944-1990 République Populaire Socialiste d'Albanie
86%
1975-1992 République Populaire d'Angola
84%
1949-1989 République Populaire de Hongrie
83%
1945-1989 République Populaire de Pologne
83%
1924-1992 République Populaire Mongole
79%
1945-1992 République Fédérative Socialiste de Yougoslavie
78%
1945-1989 République Socialiste de Roumanie
77%
1961-1991 République Démocratique de Somalie
76%
1946-1990 République Populaire de Bulgarie
73%
Depuis 1948 République Populaire Démocratique de Corée
72%
1975-1992 République Démocratique de Madagascar
69%
1984-1987 Burkina Faso
68%
1975-1990 République Populaire du Mozambique
68%
1949-1990 République Démocratique Allemande
67%
1948-1989 République Socialiste Tchécoslovaque
66%
1922-1991 Union des Républiques Socialistes Soviétiques
64%
1987-1991 République Démocratique Populaire d'Ethiopie
52%
1979-1983 Gouvernement Révolutionnaire Populaire de la Grenade
46%
1978-1992 République Démocratique d'Afghanistan
41%
1969-1992 République Populaire du Congo
23%
1967-1990 République Démocratique Populaire du Yémen
18%
1975-1993 République Populaire du Kampuchéa
18%
1975-1990 République Populaire du Bénin
15%
Aucun quiz correspondant
Distribution des résultats
% des personnes avec chaque résultat
Percentile par nombre de réponses
Votre historique - résultats
Vous n’avez pas pris ce quiz